000 00612nam a2200241Ia 4500
003 OSt
005 20220928113718.0
006 a|||||r|||| 00| 0
007 ta
008 220927b |||||||| |||| 00| 0 eng d
024 _a75580
037 _cTextual
040 _aSDCL
_cSDCL
_beng
041 _2eng
_aeng
082 _aX:545-8, M1
100 _aBalagopal T A S
245 0 _aExport management.
250 _aEd.3
260 _aBombay
_bHimalaya Publication House
_c1981
300 _avii,343p
_ccm.
942 _hX:545-8, M1
_cTEXL
_2CC
999 _c750953
_d750953